000 00339pab a2200145 454500
008 180718b1986 xxu||||| |||| 00| 0 eng d
100 _aReddy, C. Kulsum
245 _aThe open university
260 _c1986
300 _a27-30
362 _a12 July
650 _aColleges and Universities - India
773 _aMainstream
909 _a6029
999 _c6029
_d6029